| 000 | 01045cab a2200277 4500 | ||
|---|---|---|---|
| 001 | WB3105-23 | ||
| 008 | 090401t1995 xxu||||| |||| 00| 0 eng d | ||
| 035 | _a(Sirsi) u20055 | ||
| 041 | _aeng | ||
| 245 | _aCommon land properly registered | ||
| 260 | _c1995 | ||
| 350 | _a0 | ||
| 490 |
_aTimes _v3 February 1995, 34(1) |
||
| 520 | _a"Mid-Glamorgan CC v Ogwr BC and others" HL 2 February 1995. Upheld an appeal by commoners, holding that common land correctly registered under the Commons Registration Act 1965 did not lose its status following acquisition by a water authority for a reservoir scheme, subsequently abandoned, and that public rights of access remained valid. | ||
| 650 | _aCOMMON LAND | ||
| 650 | _aCOMMON RIGHTS | ||
| 650 | _aCOMMONS ACT 1876 | ||
| 650 | _aCOMMONS REGISTRATION ACT 1965 | ||
| 650 | _aMID-GLAMORGAN CC V OGWR BC 1995 | ||
| 650 | _aRIGHTS OF ACCESS | ||
| 650 | _aRIGHTS OF WAY | ||
| 690 | _aLAND-CASE LAW | ||
| 690 | _aPROPERTY LAW AND PRACTICE-CASE LAW | ||
| 942 | _n0 | ||
| 948 | _c04/03/1997 | ||
| 999 |
_c13436 _d13436 |
||